| 000 | 00428 a2200169 4500 | ||
|---|---|---|---|
| 001 | 77099 | ||
| 082 | _a531 KLE | ||
| 090 |
_c39310 _d39310 |
||
| 100 | _aDaniel Kleppner | ||
| 245 |
_aAn Introduction to Mechanics _cDaniel Kleppner _hEnglish |
||
| 250 | _a1 st | ||
| 260 |
_aNew delhi _bTata McGraw Hill _c2007 |
||
| 300 | _axxii 546 p | ||
| 500 | _aDOS BS Reference Books | ||
| 505 | _aGifted Books | ||
| 600 | _aPhysics | ||
| 942 |
_aCAE NUST _k531 KLE _cBS |
||
| 999 |
_c312172 _d312172 |
||